| 000 | 01198cab a22002055a 4500 | ||
|---|---|---|---|
| 001 | E153587 | ||
| 008 | 110808e20110519xxk 000 0 eng d | ||
| 035 | _a(Sirsi) u153587 | ||
| 041 | 0 | _aeng | |
| 245 | 0 | 0 |
_aJasbir Kaur Kahlon v Andrew Isherwood _h[electronic resource] |
| 260 | _c2011 | ||
| 520 | _a[2011] EWCA Civ 602, 19 May 2011. Relates to an appeal by I against an order for possession made against him in the County Court. I had lived in the property since 1994: the respondent, K was the freehold owner. The claim for possession was made due to arrears of rent. I counterclaimed that the repairing covenants had been breached. "Held": the appeal was allowed and the claim for possession was set aside. The case was remitted to the County Court to reconsider the claim for possession on the basis of it being an assured rather than and assured shorthold tenancy. | ||
| 590 | _aKA | ||
| 650 | 2 | 4 | _aKAHLON V ISHERWOOD |
| 650 | 2 | 4 | _aHOUSING ACT 1988 |
| 651 | 4 |
_aEngland and Wales _y1543- |
|
| 690 | _aPROPERTY-LEASEHOLD PROPERTY-LANDLORD AND TENANT | ||
| 856 | 4 | 0 |
_uhttps://www.bailii.org/ew/cases/EWCA/Civ/2011/602.html _zView the judgement free of charge at www.bailii.org |
| 942 | _n0 | ||
| 999 |
_c83327 _d83327 |
||